| 000 | 00800pam a2200289 a 4500 | ||
|---|---|---|---|
| 999 |
_c5600 _d5600 |
||
| 001 | 5600 | ||
| 003 | BD-JhCC | ||
| 005 | 20171218185500.0 | ||
| 008 | 821027s1983 caua b 001 0 eng | ||
| 020 | _a0534013643 | ||
| 035 | _a(BD-JhCC)5600 | ||
| 040 |
_aDLC _cDLC _dDLC |
||
| 041 | _aeng | ||
| 050 | 0 | 0 |
_aQA184 _b.A36 1983 |
| 082 | 0 | 0 |
_a512/.5 _219 _bLIN 1978 |
| 100 | 1 |
_aAgnew, Jeanne, _d1917- |
|
| 245 | 1 | 0 |
_aLinear algebra with applications / _cJeanne Agnew, Robert C. Knapp. |
| 250 | _a2nd ed. | ||
| 260 |
_aMonterey, Calif. : _bBrooks/Cole Pub. Co., _cc1983. |
||
| 300 |
_axiii, 361 p. : _bill. ; _c24 cm. |
||
| 500 | _aIncludes indexes. | ||
| 504 | _aBibliography: p. 352. | ||
| 650 | 0 | _aAlgebras, Linear. | |
| 700 | 1 |
_aKnapp, Robert C., _d1942- |
|
| 942 |
_2ddc _cBK |
||